| 000 | 00489nam a2200181Ia 4500 | ||
|---|---|---|---|
| 003 | OSt | ||
| 005 | 20241127101756.0 | ||
| 008 | 210210b1946 xxu||||| |||| 00| 0 eng d | ||
| 040 | _cAL | ||
| 041 | _akan | ||
| 082 | _a859/2200 | ||
| 100 |
_aSUBBARAV (K L) _9158558 _dಸುಬ್ಬರಾವ್ ಕೆ ಎಲ್ |
||
| 245 |
_aDasa _bದಾಸ |
||
| 260 |
_aBengaluru _bSatyashodhana Prakatana Mandira _c1946 |
||
| 690 |
_aKannada Fiction _9158559 |
||
| 906 | _a022912 | ||
| 942 |
_2ddc _cBK |
||
| 999 |
_c148417 _d148417 |
||